25º Salão Jovem Arte Mato-Grossense / (Record no. 1573)
[ view plain ]
| 000 -LÍDER | |
|---|---|
| Campo Fixo de Controle | 01212nam a22002777a 4500 |
| 001 - NÚMERO DE CONTROLE | |
| Campo de Controle | 1573 |
| 003 - IDENTIFICAÇÃO DO NÚMERO DE CONTROLE | |
| Campo de Controle | BR-CuiBMT |
| 005 - DATA E HORA DA ÚLTIMA ATUALIZAÇÃO | |
| Campo de Controle | 20231215231022.0 |
| 008 - DADOS FIXOS | |
| Dados Fixos | 231215s2016 mtba c s100 0 por d |
| 020 ## - INTERNATIONAL STANDARD BOOK NUMBER | |
| Nº do ISBN | 9788580091434 |
| 040 ## - AGÊNCIA CATALOGADORA | |
| Código da Agência Catalogadora | BR-CuiBMT |
| Agência que transcreveu o registro | BR-CuiBMT |
| 080 ## - Nº DA CLASSIFICAÇÃO DECIMAL UNIVERSAL | |
| Nº Class. CDU | 7 |
| Subd. Auxiliar Comum | (817.2) |
| -- | (083.824) |
| Nº edição CDU | 2007 |
| 090 ## - NÚMERO DE CHAMADA | |
| Nº classificação | 7(817.2)(083.824) |
| Cutter | M433v |
| 110 1# - ENTRADA PRINCIPAL -- ENTIDADE | |
| Nome da entidade ou lugar | Mato Grosso. |
| Unidade subordinada | Secretaria de Estado de Cultura. |
| 245 10 - TÍTULO PRINCIPAL | |
| Título principal | 25º Salão Jovem Arte Mato-Grossense / |
| Indicação de responsabilidade | Secretaria de Estado de Cultura de Mato Grosso ; [organização de Viviene Lozi, Eduardo Espíndola e Aline Figueiredo] ; [revisão Cristina Campos]. |
| 260 ## - PUBLICAÇÃO, DISTRIBUIÇÃO, ETC. | |
| Local de publicação | Cuiabá : |
| Editora | Carlini & Caniato, |
| Data | 2016. |
| 300 ## - DESCRIÇÃO FÍSICA | |
| N. páginas ou volumes | 71 p. : |
| Ilustrações | il. color ; |
| Dimensões | 21 x 28 cm |
| 500 ## - NOTAS GERAIS | |
| Notas gerais | Abertura: 18/05/2016. Visitação pública: 19/05/2016 a 07/08/2016. Local: Palácio da Instrução, Cuiabá, MT. |
| 650 ## - ASSUNTO TÓPICO | |
| Cabeçalho tópico ou nome geográfico | Arte |
| Subdivisão geográfica | Mato Grosso |
| Subdivisão geral | Exposições |
| 650 ## - ASSUNTO TÓPICO | |
| Cabeçalho tópico ou nome geográfico | Arte mato-grossense |
| Subdivisão geral | Catálogos |
| 700 1# - ENTRADA SECUNDÁRIA -- NOME PESSOAL | |
| Nome pessoal | Lozi, Viviene |
| Termo de relação | organizador |
| 700 1# - ENTRADA SECUNDÁRIA -- NOME PESSOAL | |
| Nome pessoal | Espíndola, Eduardo |
| Termo de relação | organizador |
| 700 1# - ENTRADA SECUNDÁRIA -- NOME PESSOAL | |
| Nome pessoal | Figueiredo, Aline |
| Termo de relação | organizador |
| 856 4# - LOCALIZAÇÃO E ACESSO ELETRÔNICO | |
| Endereço eletrônico (URI) | <a href="https://issuu.com/museudeartedematogrosso/docs/cat__logo_25___sjamt">https://issuu.com/museudeartedematogrosso/docs/cat__logo_25___sjamt</a> |
| Texto do link | Disponível também online. |
| Localização e acesso eletrônico | 15/12/2023 |
| 942 ## - ELEMENTOS DE ENTRADA ADICIONAIS (KOHA) | |
| Fonte de classificação ou esquema de arquivamento | Classificação Decimal Universal |
| Tipo de item do Koha | Livros |
| Estado: removido | Estado: perdido | Fonte de classificação ou esquema de arquivamento | Estado: danificado | Indisponível para empréstimo | Localização permanente | Localização atual | Data de aquisição | Total Checkouts | Número de Chamada completo | Código de barras | Date last seen | Número do exemplar | Preço efetivo a partir de | Tipo de item (Koha) |
|---|---|---|---|---|---|---|---|---|---|---|---|---|---|---|
| Classificação Decimal Universal | Biblioteca da Escola Superior de Contas do TCE/MT | Biblioteca da Escola Superior de Contas do TCE/MT | 15/12/2023 | 7(817.2)(083.824) M433v | BIBTCEMT23120611 | 15/12/2023 | Ex. 1 | 15/12/2023 | Livros |